[Event "FRA-chTW Top 12 2019"]
[Site "Vandoeuvre"]
[Date "2019.05.04"]
[Round "4.5"]
[White "Gaponenko, Inna"]
[Black "Bulmaga, Irina"]
[Result "1/2-1/2"]
[WhiteElo "2445"]
[BlackElo "2429"]
[Annotator "RC"]
[PlyCount "173"]
[EventDate "2019.05.02"]
[EventType "team-tourn"]
[EventCountry "FRA"]
[SourceTitle "playchess.com"]
[Source "ChessBase"]
[SourceQuality "1"]
[TimeControl "40/5400+30:1800+30"]

1. e4 {[%emt 0:00:00]} c5 {[%emt 0:00:00]} 2. Nf3 {[%emt 0:00:00]} d6 {[%emt 0:00:00]} 3. d4 {[%emt 0:00:00]} cxd4 {[%emt 0:00:00]} 4. Nxd4 {[%emt 0:00:00]} Nf6 {[%emt 0:00:00]} 5. Nc3 {[%emt 0:00:00]} a6 {[%emt 0:00:04]} 6. Be3 {[%emt 0:00:00]} e5 {[%emt 0:00:07]} 7. Nf3 {[%emt 0:00:05]} Be7 {[%emt 0:00:18]} 8. Bc4 {[%emt 0:00:07]} O-O {[%emt 0:00:16]} 9. O-O {[%emt 0:00:08]} Nc6 {[%emt 0:00:12]} 10. Qe2 {[%emt 0:18:52]} Be6 {[%emt 0:00:26]} 11. Bb3 {[%emt 0:01:59]} Qc7 {[%emt 0:00:34]} 12. Rfd1 {[%emt 0:12:36]} Rac8 {[%emt 0:00:37]} 13. Bg5 {[%emt 0:18:40]} Na5 {[%emt 0:00:35]} 14. Bxf6 {[%emt 0:21:53]} Bxf6 {[%emt 0:00:16]} 15. Nd5 {[%emt 0:00:09]} Bxd5 {[%emt 0:00:53]} 16. Rxd5 {[%emt 0:09:05]} Nxb3 {[%emt 0:00:58]} 17. cxb3 {[%emt 0:00:02]} Be7 {[%emt 0:09:23]} 18. Rd3 {[%emt 0:00:02]} Qa5 {[%emt 0:05:04]} 19. Qe1 {[%emt 0:05:21]} Qxe1+ {[%emt 0:01:22]} 20. Nxe1 {[%emt 0:00:25]} g6 {[%emt 0:08:53]} 21. Rc3 {[%emt 0:05:55]} f5 {[%emt 0:02:30]} 22. Rac1 {[%emt 0:03:49]} Rxc3 {[%emt 0:00:57]} 23. Rxc3 {[%emt 0:00:18]} Bd8 {[%emt 0:08:12]} 24. Rd3 {[%emt 0:01:43]} Bc7 {[%emt 0:08:08]} 25. exf5 {[%emt 0:00:03]} gxf5 {[%emt 0:00:24]} 26. Nc2 {[%emt 0:00:01]} Kf7 {[%emt 0:01:15]} 27. Rh3 {[%emt 0:01:31]} Kg6 {[%emt 0:04:04]} 28. Rg3+ {[%emt 0:00:09]} Kf6 {[%emt 0:00:42]} 29. Rh3 {[%emt 0:00:02]} Rf7 {[%emt 0:01:32]} 30. Ne3 {[%emt 0:00:38]} Ke6 {[%emt 0:03:53]} 31. Rh6+ {[%emt 0:00:09]} Kd7 {[%emt 0:00:10]} 32. Kf1 {[%emt 0:01:21]} Kc6 {[%emt 0:01:21]} 33. Ke2 {[%emt 0:00:32]} Kc5 {[%emt 0:04:01]} 34. Rh5 {[%emt 0:00:44]} f4 {[%emt 0:00:28]} 35. Nc4 {[%emt 0:00:17]} b5 {[%emt 0:08:55]} 36. Nd2 {[%emt 0:00:02]} d5 {[%emt 0:05:20]} 37. g3 {[%emt 0:00:01]} fxg3 {[%emt 0:06:00]} 38. hxg3 {[%emt 0:00:01]} Kc6 {[%emt 0:03:35]} 39. Nf3 {[%emt 0:00:48]} Re7 {[%emt 0:01:31]} 40. Ng5 {[%emt 0:00:08]} e4 {[%emt 0:00:58]} 41. Rxh7 {[%emt 0:30:32]} Rxh7 {[%emt 0:31:13]} 42. Nxh7 {[%emt 0:00:02]} Kd6 {[%emt 0:01:11]} 43. Nf6 {[%emt 0:01:50]} Bd8 {[%emt 0:01:44]} 44. Ng4 {[%emt 0:00:12]} d4 {[%emt 0:00:16]} 45. f3 {[%emt 0:00:24]} d3+ {[%emt 0:01:13]} 46. Ke3 {[%emt 0:00:33]} Bb6+ {[%emt 0:00:41]} 47. Kd2 {[%emt 0:00:05]} Ba5+ {[%emt 0:00:51]} 48. Kd1 {[%emt 0:00:38]} exf3 {[%emt 0:00:22]} 49. Nf2 {[%emt 0:01:38]} Kd5 {[%emt 0:01:59]} 50. Nxd3 {[%emt 0:00:03]} Kd4 {[%emt 0:00:24]} 51. Nf2 {[%emt 0:01:15]} Bc7 {[%emt 0:00:31]} 52. Nh1 {[%emt 0:00:26]} Ke3 {[%emt 0:04:30]} 53. Ke1 {[%emt 0:00:03]} Be5 {[%emt 0:00:30]} 54. Kf1 {[%emt 0:00:36]} Bxb2 {[%emt 0:00:02]} 55. Nf2 {[%emt 0:00:10]} Bd4 {[%emt 0:00:12]} 56. g4 {[%emt 0:00:58]} Kf4 {[%emt 0:00:39]} 57. Nd3+ {[%emt 0:00:15]} Kxg4 {[%emt 0:00:21]} 58. Nb4 {[%emt 0:00:13]} a5 {[%emt 0:00:40]} 59. Nc6 {[%emt 0:00:01]} Bb6 {[%emt 0:00:39]} 60. b4 {[%emt 0:01:00]} a4 {[%emt 0:00:43]} 61. Ne7 {[%emt 0:00:01]} Bd4 {[%emt 0:03:08]} 62. Nc6 {[%emt 0:00:14]} Bc3 {[%emt 0:01:20]} 63. Na7 {[%emt 0:00:18]} Bxb4 {[%emt 0:00:10]} 64. Nxb5 {[%emt 0:00:07]} a3 {[%emt 0:00:05]} 65. Nd4 {[%emt 0:02:29]} Kf4 {[%emt 0:00:30]} 66. Nc2 {[%emt 0:00:22]} Bd6 {[%emt 0:01:23]} 67. Kf2 {[%emt 0:00:48]} Bc5+ {[%emt 0:00:35]} 68. Kf1 {[%emt 0:00:01]} Ke4 {[%emt 0:00:14]} 69. Ne1 {[%emt 0:00:05]} Bb4 {[%emt 0:01:31]} 70. Nc2 {[%emt 0:00:04]} Bd6 {[%emt 0:02:15]} 71. Kf2 {[%emt 0:00:32]} Bc5+ {[%emt 0:00:39]} 72. Kf1 {[%emt 0:00:02]} Kf4 {[%emt 0:00:17]} 73. Ne1 {[%emt 0:00:11]} Kg3 {[%emt 0:00:31]} 74. Nd3 {[%emt 0:00:58]} Be3 {[%emt 0:00:45]} 75. Ne1 {[%emt 0:00:58]} f2 {[%emt 0:00:56]} 76. Nd3 {[%emt 0:00:21]} Bd4 {[%emt 0:00:21]} 77. Nb4 {[%emt 0:01:25]} Bc3 {[%emt 0:00:37]} 78. Nd3 {[%emt 0:00:25]} Bd4 {[%emt 0:00:34]} 79. Nb4 {[%emt 0:00:01]} Bc5 {[%emt 0:00:17]} 80. Nc2 {[%emt 0:00:04]} Bd6 {[%emt 0:00:24]} 81. Nd4 {[%emt 0:00:13]} Be5 {[%emt 0:00:29]} 82. Ne2+ {[%emt 0:00:24]} Kf3 {[%emt 0:00:07]} 83. Nd4+ {[%emt 0:00:04]} Ke4 {[%emt 0:01:03]} 84. Nc2 {[%emt 0:00:11]} Kd3 {[%emt 0:00:19]} 85. Nxa3 {[%emt 0:00:16]} Bg3 {[%emt 0:00:15]} 86. Nb5 {[%emt 0:00:24]} Kc4 {[%emt 0:00:02]} 87. Nd6+ {[%emt 0:00:10]} 1/2-1/2

[Event "FRA-chTW Top 12 2019"]
[Site "Vandoeuvre"]
[Date "2019.05.04"]
[Round "4.5"]
[White "Heinemann Josefine"]
[Black "Guichard, Pauline"]
[Result "1/2-1/2"]
[WhiteElo "2227"]
[BlackElo "2430"]
[Annotator "TA"]
[PlyCount "146"]
[EventDate "2019.05.02"]
[EventType "team-tourn"]
[EventCountry "FRA"]
[SourceTitle "playchess.com"]
[Source "ChessBase"]
[SourceQuality "1"]

{[%evp 12,146,21,16,38,36,35,35,30,31,38,29,27,30,43,10,22,16,41,38,72,27,27,17,31,31,33,31,35,13,15,9,30,0,0,0,0,-3,0,-10,0,0,0,-11,2,-5,-4,-11,-12,-19,-16,-14,-10,-106,-87,-87,-88,-232,-196,-214,-219,-195,-205,-297,-277,-280,-256,-507,-505,-572,-575,-662,-677,-654,-643,-600,-618,-856,-806,-1045,-712,-1018,-1017,-1010,-1010,-29967,-29970,-29968,-29969,-29963,-29968,-29971,-29973,-29963,-29956,-29958,-29964,-29964,-29966,-29970,-29966,-29972,-29973,-29973,-29974,-29968,-29971,-29970,-29967,-29971,-29971,-29969,-29972,-29972,-29969,-29970,-29969,-29969,-29970,-29970,-29968,-29969,-29963,-29964,-29969,-29969,0,-29969,-29971,-29971,-29972,-29972,-29973,-29972,0,0,0]} 1. e4 e5 2. Nf3 Nc6 3. Bb5 Nf6 4. O-O Nxe4 5. Re1 Nd6 6. Nxe5 Be7 7. Bf1 Nf5 {C67: Ruy Lopez: Berlin Defence: 4 0-0 Nxe4} 8. Nf3 O-O 9. d4 d5 {White is slightly better.} 10. c3 Bd6 11. Nbd2 Re8 12. Bd3 Rxe1+ 13. Qxe1 Bd7 14. Nf1 {[#]} Qf6 $146 ({Predecessor:} 14... Qe7 15. Qxe7 Nfxe7 {½-½ (28) Vachier Lagrave,M (2780)-Nakamura,H (2763) chess.com INT 2018}) 15. Bg5 Qg6 16. Qd2 {Strongly threatening Nh4.} (16. Ne3 $5 {[%cal Re1b1]} h6 17. Bxh6 $14) 16... h6 17. Bf4 Qf6 {[%cal Rf5d4]} 18. Bxd6 Nxd6 19. Re1 Re8 20. Rxe8+ Bxe8 21. Qe2 Qe7 (21... Ne7 {seems wilder.} 22. b3 Qe6 23. Ne3 f6 24. Qc2 Bh5) 22. Qxe7 Nxe7 23. Ne3 f6 24. Nd2 Kf7 25. f3 Ke6 26. Kf2 b6 27. Bc2 Bb5 28. b3 Be8 29. Bd3 c5 30. g3 cxd4 31. cxd4 Bb5 32. Ke2 (32. Be2 $11 {remains equal.}) 32... Nc6 33. Nc2 Nf5 34. a4 (34. f4 $17) 34... Nfxd4+ $19 ({Don't take} 34... Ncxd4+ 35. Nxd4+ Nxd4+ 36. Ke3) 35. Nxd4+ Nxd4+ 36. Ke3 Bxd3 37. Kxd4 {[%mdl 4096] Endgame KB-KN} (37. Kxd3 {was called for.} Nc6 38. f4) 37... Bc2 $1 38. Kc3 Bd1 $1 39. f4 $2 (39. Kd4 {was necessary.}) 39... Kf5 40. h3 h5 41. Kd4 {[#]} h4 $1 {[%mdl 512]} 42. gxh4 Kxf4 43. Kxd5 Kg3 44. Kc6 {If White can now play Kb7 this consolidates a bit.} Kxh4 45. Kb7 Kxh3 46. Kxa7 g5 47. Ne4 g4 48. Nxf6 g3 49. Nd5 Kg4 50. Ne3+ {[#]} Kf4 $1 {[%mdl 512]} 51. Ng2+ {[#]} Kf3 $1 {[%mdl 512]} 52. Nh4+ Kg4 53. Ng2 Bxb3 54. Kxb6 Bxa4 55. Kc5 Kf3 56. Nh4+ Ke4 57. Kd6 Bb3 58. Ke7 Ke5 59. Nf3+ Kf4 60. Ne1 Bd5 61. Kf6 Be4 62. Ke6 Bb7 63. Kf6 Ba8 64. Kg6 Bf3 65. Kh6 Kg4 66. Kg6 Bd5 67. Kf6 Kf4 68. Kg6 Bf3 69. Kh6 $1 Be4 70. Kh5 {[#]} Ke3 $1 {[%cal Re3f2]} 71. Kh4 Kf2 72. Kg4 Bf3+ $2 (72... Bh7 {mates} 73. Kh3 Bg6 74. Kg4 {[#]} Bh5+ $1 {[%mdl 512]} 75. Kh3 Be2 76. Kh4 Bb5 77. Kg4 Be2+ 78. Kh3 Bb5 79. Kh4 Bf1 80. Kg4 Bc4 81. Kh4 Bf1 82. Kg4 Be2+ 83. Kh3 Bb5 84. Kh4 Bc4 85. Kg4 Bf1 86. Kh4 Ba6 87. Kg4 Bc8+ 88. Kf4 Bf5 89. Nf3 g2 90. Nh4 g1=Q 91. Nxf5 Qe1 92. Kg5 Kf3 93. Kf6 Kf4 94. Ng7 Qe5+ 95. Kg6 Qd6+ 96. Kf7 Ke5 97. Ke8 Qg6+ 98. Kf8 Qf6+ 99. Kg8 Qe7 100. Nh5 Qe8+ 101. Kg7 Qxh5 102. Kf8 Qh7 103. Ke8 Ke6 104. Kf8 Qh8#) 73. Nxf3 $11 g2 {Accuracy: White = 53%, Black = 71%.} 1/2-1/2

[Event "FRA-chTW Top 12 2019"]
[Site "Vandoeuvre"]
[Date "2019.05.04"]
[Round "4.6"]
[White "L'Ami, Alina"]
[Black "Frisk, Ellinor"]
[Result "1/2-1/2"]
[WhiteElo "2286"]
[BlackElo "2262"]
[Annotator "NA"]
[PlyCount "75"]
[EventDate "2019.05.02"]
[EventType "team-tourn"]
[EventCountry "FRA"]
[SourceTitle "playchess.com"]
[Source "ChessBase"]
[SourceQuality "1"]
[TimeControl "40/5400+30:1800+30"]

1. d4 {[%emt 0:00:00]} d5 {[%emt 0:00:00]} 2. c4 {[%emt 0:00:00]} c6 {[%emt 0:00:00]} 3. Nf3 {[%emt 0:00:00]} Nf6 {[%emt 0:00:00]} 4. Nc3 {[%emt 0:00:05]} dxc4 {[%emt 0:00:00]} 5. a4 {[%emt 0:00:11]} Bf5 {[%emt 0:00:00]} 6. e3 {[%emt 0:00:06]} e6 {[%emt 0:00:00]} 7. Bxc4 {[%emt 0:00:06]} Bb4 {[%emt 0:00:05]} 8. O-O {[%emt 0:00:07]} O-O {[%emt 0:00:07]} 9. Qe2 {[%emt 0:00:09]} Bg4 {[%emt 0:00:09]} 10. h3 {[%emt 0:03:14]} Bh5 {[%emt 0:00:04]} 11. g4 {[%emt 0:11:24]} Bg6 {[%emt 0:00:16]} 12. Ne5 {[%emt 0:00:16]} Nbd7 {[%emt 0:01:58]} 13. Nxg6 {[%emt 0:10:20]} hxg6 {[%emt 0:00:09]} 14. Rd1 {[%emt 0:01:31]} Qe7 {[%emt 0:01:13]} 15. a5 {[%emt 0:10:16]} e5 {[%emt 0:05:34]} 16. Qc2 {[%emt 0:10:31]} Kh8 {[%emt 0:14:59]} 17. d5 {[%emt 0:07:18]} cxd5 {[%emt 0:05:38]} 18. Nxd5 {[%emt 0:01:09]} Nxd5 {[%emt 0:00:31]} 19. Bxd5 {[%emt 0:00:02]} Nf6 {[%emt 0:04:12]} 20. Bg2 {[%emt 0:03:18]} Rac8 {[%emt 0:02:34]} 21. Qe2 {[%emt 0:02:01]} Rfd8 {[%emt 0:03:45]} 22. Bd2 {[%emt 0:01:08]} Bxd2 {[%emt 0:02:42]} 23. Rxd2 {[%emt 0:00:02]} Qb4 {[%emt 0:06:23]} 24. Rad1 {[%emt 0:04:41]} Qxa5 {[%emt 0:02:53]} 25. Bxb7 {[%emt 0:00:49]} Rxd2 {[%emt 0:00:53]} 26. Qxd2 {[%emt 0:03:13]} Qxd2 {[%emt 0:00:22]} 27. Rxd2 {[%emt 0:00:01]} Rc7 {[%emt 0:01:13]} 28. Bg2 {[%emt 0:02:27]} g5 {[%emt 0:01:15]} 29. Kf1 {[%emt 0:01:23]} Rc8 {[%emt 0:13:00]} 30. Ke2 {[%emt 0:04:11]} Kg8 {[%emt 0:00:05]} 31. Kd1 {[%emt 0:00:16]} Kf8 {[%emt 0:00:26]} 32. Rd6 {[%emt 0:03:29]} Ke7 {[%emt 0:01:26]} 33. Ra6 {[%emt 0:00:03]} Rc7 {[%emt 0:00:20]} 34. b4 {[%emt 0:02:25]} Nd7 {[%emt 0:05:45]} 35. b5 {[%emt 0:01:08]} Nb6 {[%emt 0:02:04]} 36. Bc6 {[%emt 0:00:42]} Kd6 {[%emt 0:01:06]} 37. Ra2 {[%emt 0:02:44]} f6 {[%emt 0:00:20]} 38. Ke2 {[%emt 0:01:38]} 1/2-1/2

[Event "FRA-chTW Top 12 2019"]
[Site "Vandoeuvre"]
[Date "2019.05.04"]
[Round "4.7"]
[White "Haussernot, Cecile"]
[Black "Afraoui, Anaelle"]
[Result "0-1"]
[WhiteElo "2097"]
[BlackElo "2068"]
[Annotator "NA"]
[PlyCount "70"]
[EventDate "2019.05.02"]
[EventType "team-tourn"]
[EventCountry "FRA"]
[SourceTitle "playchess.com"]
[Source "ChessBase"]
[SourceQuality "1"]
[TimeControl "40/5400+30:1800+30"]

1. e4 {[%emt 0:00:00]} c5 {[%emt 0:00:00]} 2. Nf3 {[%emt 0:00:00]} Nc6 {[%emt 0:00:00]} 3. Nc3 {[%emt 0:00:00]} d6 {[%emt 0:00:00]} 4. Bb5 {[%emt 0:00:00]} e5 {[%emt 0:00:34]} 5. O-O {[%emt 0:00:43]} Nf6 {[%emt 0:01:40]} 6. Nd5 {[%emt 0:03:09]} Be7 {[%emt 0:12:52]} 7. b4 {[%emt 0:07:42]} cxb4 {[%emt 0:08:53]} 8. d4 {[%emt 0:07:27]} O-O {[%emt 0:03:32]} 9. Bxc6 {[%emt 0:01:00]} bxc6 {[%emt 0:00:11]} 10. Nxb4 {[%emt 0:00:18]} Qb6 {[%emt 0:03:17]} 11. Nd3 {[%emt 0:18:39]} exd4 {[%emt 0:03:49]} 12. Bg5 {[%emt 0:00:16]} c5 {[%emt 0:03:47]} 13. Nf4 {[%emt 0:02:04]} Bb7 {[%emt 0:03:24]} 14. Nd2 {[%emt 0:01:22]} Rae8 {[%emt 0:14:13]} 15. Rb1 {[%emt 0:01:37]} Qc7 {[%emt 0:00:55]} 16. Re1 {[%emt 0:09:52]} Bc6 {[%emt 0:10:31]} 17. Bxf6 {[%emt 0:09:13]} Bxf6 {[%emt 0:00:19]} 18. Nh5 {[%emt 0:00:06]} Qe7 {[%emt 0:02:46]} 19. f4 {[%emt 0:00:36]} g6 {[%emt 0:04:20]} 20. Ng3 {[%emt 0:02:13]} Qd7 {[%emt 0:05:32]} 21. Qf3 {[%emt 0:03:05]} Kh8 {[%emt 0:04:38]} 22. Re2 {[%emt 0:01:46]} Qd8 {[%emt 0:02:29]} 23. Qd3 {[%emt 0:01:19]} Bg7 {[%emt 0:01:22]} 24. Qa6 {[%emt 0:01:46]} Qd7 {[%emt 0:00:26]} 25. f5 {[%emt 0:02:05]} Rb8 {[%emt 0:01:23]} 26. Ree1 {[%emt 0:01:44]} Rxb1 {[%emt 0:02:43]} 27. Rxb1 {[%emt 0:00:07]} d5 {[%emt 0:00:08]} 28. Qa5 {[%emt 0:03:54]} dxe4 {[%emt 0:01:07]} 29. Ndxe4 {[%emt 0:01:28]} gxf5 {[%emt 0:00:46]} 30. Ng5 {[%emt 0:00:59]} f4 {[%emt 0:00:44]} 31. N3e4 {[%emt 0:00:23]} h6 {[%emt 0:01:33]} 32. Nxc5 {[%emt 0:00:18]} Qg4 {[%emt 0:00:41]} 33. Nge4 {[%emt 0:00:28]} f3 {[%emt 0:00:54]} 34. Ng3 {[%emt 0:00:13]} d3 {[%emt 0:02:12]} 35. c3 {[%emt 0:01:45]} Bd4+ {[%emt 0:00:35]} 0-1

[Event "FRA-chTW Top 12 2019"]
[Site "Vandoeuvre"]
[Date "2019.05.04"]
[Round "4.7"]
[White "Flear, Christine"]
[Black "Verot, Melanie"]
[Result "*"]
[WhiteElo "2037"]
[BlackElo "2069"]
[Annotator "NA RC"]
[PlyCount "86"]
[EventDate "2019.05.02"]
[EventType "team-tourn"]
[EventCountry "FRA"]
[SourceTitle "playchess.com"]
[Source "ChessBase"]
[SourceQuality "1"]
[TimeControl "40/5400+30:1800+30"]

1. d4 {[%emt 0:00:00]} Nf6 {[%emt 0:00:00]} 2. c4 {[%emt 0:00:12]} g6 {[%emt 0:00:00]} 3. Nc3 {[%emt 0:00:08]} d5 {[%emt 0:00:00]} 4. Nf3 {[%emt 0:04:24]} Bg7 {[%emt 0:00:50]} 5. Bg5 {[%emt 0:01:00]} c6 {[%emt 0:02:27]} 6. e3 {[%emt 1:27:16]} O-O {[%emt 1:29:43]} 7. Be2 {[%emt 1:25:49]} Be6 {[%emt 0:22:36]} 8. Qb3 {[%emt 0:14:45]} Nbd7 {[%emt 0:07:06]} 9. cxd5 {[%emt 0:08:58]} Nxd5 {[%emt 0:11:10]} 10. Qa3 {[%emt 0:08:09]} N7f6 {[%emt 0:04:02]} 11. O-O {[%emt 0:01:32]} Re8 {[%emt 0:03:59]} 12. Bh4 {[%emt 0:13:35]} a5 {[%emt 0:07:50]} 13. Nxd5 {[%emt 0:07:13]} Bxd5 {[%emt 0:02:58]} 14. Qc5 {[%emt 0:08:30]} Ne4 {[%emt 0:04:06]} 15. Qc2 {[%emt 0:00:06]} Nd6 {[%emt 0:06:41]} 16. Nd2 {[%emt 0:02:03]} a4 {[%emt 0:02:58]} 17. f3 {[%emt 0:01:40]} Qa5 {[%emt 0:01:43]} 18. Bf2 {[%emt 0:00:52]} e5 {[%emt 0:01:03]} 19. dxe5 {[%emt 0:03:12]} Bxe5 {[%emt 0:00:13]} 20. Nc4 {[%emt 0:02:08]} Nxc4 {[%emt 0:02:04]} 21. Bxc4 {[%emt 0:00:01]} a3 {[%emt 0:00:45]} 22. b4 {[%emt 0:04:34]} Qxb4 {[%emt 0:02:05]} 23. Bxd5 {[%emt 0:00:15]} Bxa1 {[%emt 0:00:53]} 24. Bxf7+ {[%emt 0:01:13]} Kxf7 {[%emt 0:00:06]} 25. Rxa1 {[%emt 0:00:03]} Rad8 {[%emt 0:01:32]} 26. Rb1 {[%emt 0:00:17]} Rd2 {[%emt 0:00:44]} 27. Qc1 {[%emt 0:01:48]} Rb2 {[%emt 0:00:34]} 28. Ra1 {[%emt 0:00:14]} Qd2 {[%emt 0:01:00]} 29. Qc4+ {[%emt 0:00:24]} Kg7 {[%emt 0:01:34]} 30. Rf1 {[%emt 0:01:05]} Rd8 {[%emt 0:02:57]} 31. e4 {[%emt 0:00:32]} Qd6 {[%emt 0:01:46]} 32. Qc3+ {[%emt 0:01:54]} Kf7 {[%emt 0:01:10]} 33. f4 {[%emt 0:00:48]} Rxf2 {[%emt 0:01:54]} 34. Rxf2 {[%emt 0:01:46]} Qd1+ {[%emt 0:00:07]} 35. Rf1 {[%emt 0:00:05]} Qd4+ {[%emt 0:00:03]} 36. Qxd4 {[%emt 0:00:39]} Rxd4 {[%emt 0:00:04]} 37. e5 {[%emt 0:00:32]} Rd2 {[%emt 0:00:48]} 38. Ra1 {[%emt 0:00:01]} Ke6 {[%emt 0:00:49]} 39. h3 {[%emt 0:01:55]} c5 {[%emt 0:00:30]} 40. Kh2 {[%emt 0:00:00]} c4 {[%emt 0:00:09]} 41. Rb1 {[%emt 0:30:20]} Rb2 {[%emt 0:30:26]} 42. Rd1 {[%emt 0:00:25]} Rxa2 {[%emt 0:00:19]} 43. Rd6+ {[%emt 0:00:07]} Ke7 {[%emt 0:00:08]} *

[Event "FRA-chTW Top 12 2019"]
[Site "Vandoeuvre"]
[Date "2019.05.04"]
[Round "4.8"]
[White "Bonvalot, Isabelle"]
[Black "Richard, Emma"]
[Result "1-0"]
[WhiteElo "1936"]
[BlackElo "2120"]
[Annotator "NA"]
[PlyCount "83"]
[EventDate "2019.05.02"]
[EventType "team-tourn"]
[EventCountry "FRA"]
[SourceTitle "playchess.com"]
[Source "ChessBase"]
[SourceQuality "1"]
[TimeControl "40/5400+30:1800+30"]

1. e4 {[%emt 0:00:00]} c5 {[%emt 0:00:00]} 2. c3 {[%emt 0:00:00]} Nf6 {[%emt 0:00:00]} 3. e5 {[%emt 0:00:00]} Nd5 {[%emt 0:00:02]} 4. d4 {[%emt 0:00:00]} Nc6 {[%emt 0:00:31]} 5. Nf3 {[%emt 0:02:36]} cxd4 {[%emt 0:00:30]} 6. cxd4 {[%emt 0:00:19]} d6 {[%emt 0:00:16]} 7. Bc4 {[%emt 0:02:24]} Nb6 {[%emt 0:01:12]} 8. Bb5 {[%emt 0:00:20]} d5 {[%emt 0:09:58]} 9. O-O {[%emt 0:03:18]} Bg4 {[%emt 0:01:32]} 10. h3 {[%emt 0:00:30]} Bxf3 {[%emt 0:03:22]} 11. Qxf3 {[%emt 0:00:03]} e6 {[%emt 0:03:03]} 12. Nc3 {[%emt 0:05:07]} a6 {[%emt 0:00:54]} 13. Bxc6+ {[%emt 0:00:21]} bxc6 {[%emt 0:00:06]} 14. Qg3 {[%emt 0:02:00]} Qc7 {[%emt 0:04:40]} 15. Ne2 {[%emt 0:09:41]} g6 {[%emt 0:15:13]} 16. Bg5 {[%emt 0:02:34]} Nd7 {[%emt 0:12:04]} 17. Rac1 {[%emt 0:05:16]} Bg7 {[%emt 0:01:41]} 18. Bd2 {[%emt 0:05:38]} O-O {[%emt 0:15:35]} 19. Bb4 {[%emt 0:02:17]} Rfc8 {[%emt 0:00:13]} 20. Rc2 {[%emt 0:16:40]} Qb7 {[%emt 0:08:42]} 21. Bd6 {[%emt 0:07:39]} a5 {[%emt 0:00:43]} 22. Nf4 {[%emt 0:01:04]} Nb6 {[%emt 0:11:34]} 23. h4 {[%emt 0:05:34]} a4 {[%emt 0:03:26]} 24. h5 {[%emt 0:02:32]} Ra5 {[%emt 0:01:25]} 25. Qh3 {[%emt 0:04:49]} Nc4 {[%emt 0:02:09]} 26. hxg6 {[%emt 0:08:41]} hxg6 {[%emt 0:00:15]} 27. Nxe6 {[%emt 0:01:28]} Nxd6 {[%emt 0:02:01]} 28. exd6 {[%emt 0:06:11]} fxe6 {[%emt 0:00:31]} 29. Qxe6+ {[%emt 0:00:05]} Kh7 {[%emt 0:00:18]} 30. Rc3 {[%emt 0:01:02]} Rf8 {[%emt 0:01:50]} 31. d7 {[%emt 0:01:59]} Qc7 {[%emt 0:01:03]} 32. Rxc6 {[%emt 0:00:29]} Qd8 {[%emt 0:00:16]} 33. Qxg6+ {[%emt 0:00:34]} Kh8 {[%emt 0:00:25]} 34. Qh5+ {[%emt 0:00:16]} Kg8 {[%emt 0:00:06]} 35. Qg4 {[%emt 0:00:41]} Ra7 {[%emt 0:00:36]} 36. Qe6+ {[%emt 0:01:34]} Kh8 {[%emt 0:00:04]} 37. Rc3 {[%emt 0:00:29]} Rxd7 {[%emt 0:00:56]} 38. Rh3+ {[%emt 0:00:08]} Bh6 {[%emt 0:00:04]} 39. Qxh6+ {[%emt 0:00:37]} Kg8 {[%emt 0:00:03]} 40. Rg3+ {[%emt 0:00:46]} Kf7 {[%emt 0:00:14]} 41. Qg6+ {[%emt 0:30:17]} Ke7 {[%emt 0:30:10]} 42. Re3# {[%emt 0:00:08]} 1-0

[Event "FRA-chTW Top 12 2019"]
[Site "Vandoeuvre"]
[Date "2019.05.04"]
[Round "4.9"]
[White "Cornette, Deimante"]
[Black "Le Du, Anaelle"]
[Result "1-0"]
[WhiteElo "2433"]
[BlackElo "1728"]
[Annotator "NA"]
[PlyCount "39"]
[EventDate "2019.05.02"]
[EventType "team-tourn"]
[EventCountry "FRA"]
[SourceTitle "playchess.com"]
[Source "ChessBase"]
[SourceQuality "1"]
[TimeControl "40/5400+30:1800+30"]

1. e4 {[%emt 0:00:00]} d6 {[%emt 0:00:00]} 2. d4 {[%emt 0:00:00]} Nf6 {[%emt 0:00:00]} 3. Nc3 {[%emt 0:00:00]} e5 {[%emt 0:00:14]} 4. Nf3 {[%emt 0:00:26]} Nbd7 {[%emt 0:00:09]} 5. Bc4 {[%emt 0:00:19]} Be7 {[%emt 0:00:17]} 6. a4 {[%emt 0:00:28]} a5 {[%emt 0:07:12]} 7. O-O {[%emt 0:01:46]} O-O {[%emt 0:00:10]} 8. h3 {[%emt 0:01:25]} c6 {[%emt 0:04:11]} 9. Re1 {[%emt 0:01:34]} Qc7 {[%emt 0:04:49]} 10. Ba2 {[%emt 0:09:22]} b6 {[%emt 0:03:06]} 11. Nh4 {[%emt 0:02:01]} Bb7 {[%emt 0:10:17]} 12. Nf5 {[%emt 0:00:53]} Rfe8 {[%emt 0:03:24]} 13. Bg5 {[%emt 0:17:19]} Nf8 {[%emt 0:15:50]} 14. dxe5 {[%emt 0:10:48]} dxe5 {[%emt 0:01:08]} 15. Qf3 {[%emt 0:00:30]} N8d7 {[%emt 0:07:20]} 16. Rad1 {[%emt 0:11:26]} Rab8 {[%emt 0:24:35]} 17. Qg3 {[%emt 0:05:20]} Bf8 {[%emt 0:04:12]} 18. Nh6+ {[%emt 0:01:04]} Kh8 {[%emt 0:00:56]} 19. Nxf7+ {[%emt 0:00:12]} Kg8 {[%emt 0:00:03]} 20. Rxd7 {[%emt 0:07:43]} 1-0